Deutsche Derbys - Statistiken

Allgemein
  • Dieses Quiz wurde 268 mal gespielt
  • Das Durchschnittsergebnis liegt bei 8 aus 19
Antwortstatistiken
Vereine Name d. Derbys % Korrekt
HSV:Werder Bremen Nordderby
96%
Gladbach:DüsseldorfKöln:Leverkusen Düsseldorf:Köln Rheinderby
76%
BVB: Schalke Revierderby
74%
HSV: St Pauli Hamburg Derby
70%
Bayern:Dortmund Der Klassiker
59%
Fürth:Nürnberg Frankenderby
57%
Frankfurt: Offenbach Hessen Derby
55%
Jena:Erfurt Thüringenderby
50%
Hertha:Union Berliner Derby
35%
KSC:VFB Baden-Württemberg Derby
31%
Bielefeld:Münster Westfalenderby
30%
Halle:Magdeburg Sachsen Anhalt Derby
27%
Lok Leipzig:Sachsen Leipzig Leipziger Derby
25%
Mainz:Frankfurt Rhein-Main-Derby
22%
1860:Bayern Münchner Derby
21%
Frankfurt:Kaiserslautern Südwestderby
15%
Heidenheim:Aalen Ostalbderby
9%
Gladbach:Köln Rheinlandderby
7%
Nürnberg:Bayern Bayerisch-Fränkisches Derby
0%
Keine übereinstimmenden Quizze gefunden
Verteilung der Resultate
Anzahl Personen mit jedem Resultat
Perzentil nach korrekt beantworteten Fragen
Ihre Resultats-Entwicklung
Sie haben dieses Quiz noch nicht gespielt